University Home | Library Home | Institutional Repository

Imperialism and unequal development. (Record no. 8314)

MARC details
000 -LEADER
fixed length control field 00639cam0a220021700 4500
001 - CONTROL NUMBER
control field zam00002349
008 - FIXED-LENGTH DATA ELEMENTS--GENERAL INFORMATION
fixed length control field 951128s1977 xx eng u
035 ## - SYSTEM CONTROL NUMBER
System control number (Sirsi) r19725
035 ## - SYSTEM CONTROL NUMBER
System control number (MACHINE)SLC.
100 0# - MAIN ENTRY--PERSONAL NAME
Personal name A. S. Amin, 1929-
Dates associated with a name A. S. Amin, 1929-
Linkage A80710.1
245 10 - TITLE STATEMENT
Title Imperialism and unequal development.
260 ## - PUBLICATION, DISTRIBUTION, ETC.
Date of publication, distribution, etc. 1977.
591 ## -
-- Class code: H 240.
591 ## -
-- Course: Studies in the growth of capitalism.
591 ## -
-- School: S05.
591 ## -
-- Lecturer: Dr. KALIKITI, W.S.
591 ## -
-- Number of Students: 12.
949 ## - LOCAL PROCESSING INFORMATION (OCLC)
a HB501
w lcc
m MAIN
p 2500
t SHORTLOAN
l SHORTLOAN
909 ## -
-- Book
Holdings
Withdrawn status Lost status Source of classification or shelving scheme Damaged status Not for loan Home library Current library Shelving location Total Checkouts Full call number Barcode Date last seen Copy number Price effective from Koha item type
    Library of Congress Classification     Main Library Main Library Academic reserves/Short loan   HB501 63765-1001 08/12/2019 1 08/12/2019 Short Loan material
© 2026 - The University of Zambia Library - Koha v25.11